000 00904am a2200301a 44500
003 AR-BaBNM
005 20251128211026.0
008 162020s2000 #AR|||||||||||000 | esp||
040 _cAR-BaBNM
100 1 _aBerdichevsky, Patricia
245 1 0 _aQuinquela y los chicos en La Boca
_bmaterial para el docente
260 _aBuenos Aires
_bGobierno de la Ciudad de Buenos Aires
_c2000
300 _a18 p.
_bfot.
504 _aContiene referencias bibliográficas p. 18
600 1 4 _aQuinquela Martín, Benito
610 2 4 _aMuseo de Bellas Artes de La Boca
650 4 _aEDUCACION ARTISTICA
650 4 _aACTIVIDADES DE APRENDIZAJE
650 4 _aGUIA DEL DOCENTE
650 4 _aMUSEOS DE ARTE
650 4 _aARTISTAS
653 _aESTRATEGIAS DIDACTICAS
653 _aEDUCACION INICIAL
700 1 _aBianchi, Laura
700 1 _aFreggiaro, María Inés
942 _cBK
998 _craquel
999 _c17947
_d17947